000 00658nam a2200277Ia 4500
005 20260324113925.0
008 008 260324s9999 xx 000 0 eng d
020 _a9781003315230
037 _aEBOOK
040 _aCRL
040 _beng
040 _cCRL
041 _2eng
041 _aeng
084 _qCRL
100 _aWei Dong Guo
_91148719
245 0 _aAdvanced Design of Pile Foundations Under Lateral Loading
260 _bTaylor and Francis
260 _c2023
365 _a
365 _b240
856 _uhttp://www.taylorfrancis.com/books/9781003315230
942 _cEBOOK
999 _c1738625
_d1738625